000 02081nam a22002417a 4500
005 20210928163949.0
008 210928b ||||| |||| 00| 0 eng d
020 _a1845290615
040 _cAL
041 _aeng
082 _223
_a364.16
_bWOOG
100 _aMichael Woodiwiss
_9496
245 _aGangster capitalism:
_bThe United States and the global rise of organized crime
260 _aLondon
_bConstable and Robinson Ltd
_c2005
300 _ax,260p.
_bPB
_c23x15cm.
365 _b12.99
_c£
_d12.99
_f2013/03/24
500 _aCommerce
520 _aWe know all about organized crime. Blockbuster movies and books, and thousands of news stories continually tell an eager public that organized crime is what gangsters do. Closely knit, ethnically distinct, and ruthlessly efficient, these mafias control the drugs trade, people trafficking and other serious crimes. If only states would take the threat seriously and recognize the global nature of modern organized crime, the FBI's success against the New York mafias could be replicated throughout the world. The wicked trade in addictive drugs could be halted. The trouble is, as Michael Woodiwiss demonstrates in shocking and surprising detail, what everyone knows is pretty much completely wrong. Organized crime is dominated by employees of multinational companies, politicians and bureaucrats. Gangsters are a problem, but they are minor players when compared with the intelligence and law enforcement agencies that selectively enforce drugs prohibition and profit from it. The position of large corporations in the global economy provides the most mouth-watering opportunities for illegal profits. Woodiwiss shows how respectable businessmen and revered statesmen have seized these opportunities in an orgy of fraud and illegal violence that would leave the most hardened Mafioso speechless with admiration.
_uhttps://hyzezaqutez.papernovels.icu/gangster-capitalism-book-1636sf.php
650 _aPolitical Corruption
_9497
651 _aUnited States
_9498
700 _aWOODWISS (Michael)
_9499
942 _2ddc
_cGF
999 _c216420
_d216420